[Event "RAPID Gran Prix 2016"]
[Site "Khanty-Mansiysk"]
[Date "2016.12.03"]
[Round "13.6"]
[White "Riazantsev, Alexander"]
[Black "Smirnov, Pavel"]
[Result "1/2-1/2"]
[LiveChessVersion "1.4.4"]
[BlackElo "2589"]
[WhiteElo "2693"]

1. d4 {[%clk 0:15:18]} Nf6 {[%clk 0:15:18]} 2. c4 {[%clk 0:15:27]} e6
{[%clk 0:15:27]} 3. Nc3 {[%clk 0:15:36]} Bb4 {[%clk 0:15:35]} 4. e3
{[%clk 0:15:44]} O-O {[%clk 0:15:43]} 5. Nf3 {[%clk 0:15:50]} d5 {[%clk 0:15:50]}
6. Bd2 {[%clk 0:15:42]} b6 {[%clk 0:14:45]} 7. cxd5 {[%clk 0:15:50]} exd5 8. Be2
Bb7 {[%clk 0:14:43]} 9. O-O {[%clk 0:16:06]} Nbd7 {[%clk 0:14:49]} 10. Rc1
{[%clk 0:16:16]} a6 {[%clk 0:14:50]} 11. Ne5 {[%clk 0:16:25]} Bd6
{[%clk 0:14:53]} 12. f4 {[%clk 0:16:04]} c5 {[%clk 0:14:47]} 13. Be1
{[%clk 0:12:38]} cxd4 {[%clk 0:13:48]} 14. exd4 {[%clk 0:12:46]} Ne4
{[%clk 0:13:33]} 15. Qb3 {[%clk 0:12:26]} Ndf6 {[%clk 0:12:31]} 16. Bh4
{[%clk 0:12:29]} Nd2 {[%clk 0:12:13]} 17. Qc2 {[%clk 0:09:30]} Nxf1
{[%clk 0:12:19]} 18. Rxf1 {[%clk 0:09:39]} Be7 {[%clk 0:12:27]} 19. Bf3
{[%clk 0:09:00]} Qd6 {[%clk 0:11:56]} 20. Qb3 {[%clk 0:08:30]} Rad8
{[%clk 0:10:59]} 21. Na4 {[%clk 0:08:14]} Ne4 {[%clk 0:09:41]} 22. Bxe7
{[%clk 0:07:03]} Qxe7 23. Qxb6 Nd2 {[%clk 0:09:12]} 24. Rf2 {[%clk 0:06:08]}
Nxf3+ {[%clk 0:09:07]} 25. Nxf3 {[%clk 0:06:17]} Bc8 {[%clk 0:08:37]} 26. Nc3
{[%clk 0:04:14]} Qe3 {[%clk 0:08:21]} 27. Ne5 {[%clk 0:02:30]} Bf5
{[%clk 0:07:56]} 28. Qxa6 f6 {[%clk 0:07:09]} 29. Nf3 {[%clk 0:01:36]} Qxf4
{[%clk 0:04:49]} 30. Qe2 {[%clk 0:01:37]} Rfe8 31. Qd2 Qc7 {[%clk 0:04:14]} 32.
Rf1 {[%clk 0:01:18]} Be4 {[%clk 0:04:18]} 33. Nh4 {[%clk 0:01:09]} Qd7
{[%clk 0:03:23]} 34. h3 {[%clk 0:01:01]} Re7 {[%clk 0:03:06]} 35. Qf2
{[%clk 0:01:08]} Rde8 {[%clk 0:02:36]} 36. Nf5 {[%clk 0:01:09]} Re6
{[%clk 0:01:55]} 37. Qf4 {[%clk 0:00:56]} Bd3 {[%clk 0:01:48]} 38. Rf3
{[%clk 0:00:41]} Re1+ {[%clk 0:01:30]} 39. Kh2 {[%clk 0:00:50]} Bxf5
{[%clk 0:00:40]} 40. Qxf5 {[%clk 0:00:59]} Qd6+ 41. Qf4 Qxf4+ {[%clk 0:00:32]}
42. Rxf4 {[%clk 0:01:18]} Rb8 {[%clk 0:00:41]} 43. Rf2 {[%clk 0:01:23]} Kf7
{[%clk 0:00:48]} 44. Nxd5 {[%clk 0:01:18]} Rd1 {[%clk 0:00:43]} 45. Rc2
{[%clk 0:00:45]} Rxd4 {[%clk 0:00:51]} 46. Ne3 {[%clk 0:00:54]} Rd7
{[%clk 0:00:50]} 47. b3 {[%clk 0:00:59]} Re8 {[%clk 0:00:39]} 48. Nc4
{[%clk 0:01:06]} Rd1 {[%clk 0:00:46]} 49. a4 {[%clk 0:01:05]} Ree1
{[%clk 0:00:29]} 50. Rc3 {[%clk 0:01:01]} f5 {[%clk 0:00:27]} 51. Kg3
{[%clk 0:01:06]} g5 {[%clk 0:00:32]} 52. a5 {[%clk 0:01:10]} Ra1 {[%clk 0:00:30]}
53. b4 {[%clk 0:01:11]} Reb1 {[%clk 0:00:29]} 54. b5 {[%clk 0:01:21]} h5
{[%clk 0:00:33]} 55. b6 {[%clk 0:01:26]} Rf1 {[%clk 0:00:34]} 56. Nd6+
{[%clk 0:00:53]} Ke6 {[%clk 0:00:42]} 57. Nxf5 {[%clk 0:01:11]} Kxf5
{[%clk 0:00:59]} 58. Rc5+ {[%clk 0:01:06]} Kg6 {[%clk 0:01:08]} 59. Rc6+
{[%clk 0:01:10]} Kf5 {[%clk 0:00:47]} 60. Rc5+ {[%clk 0:01:17]} Ke4
{[%clk 0:00:41]} 61. Rxg5 {[%clk 0:00:37]} Rfb1 {[%clk 0:00:37]} 62. Rxh5
{[%clk 0:00:46]} Rb2 {[%clk 0:00:34]} 63. Rg5 {[%clk 0:00:43]} Ra3+
{[%clk 0:00:21]} 64. Kh4 {[%clk 0:00:49]} Kf4 {[%clk 0:00:17]} 65. g3+
{[%clk 0:00:54]} Ke4 {[%clk 0:00:26]} 66. Kh5 {[%clk 0:00:43]} Rab3
{[%clk 0:00:33]} 67. h4 {[%clk 0:00:41]} Rb5 68. Kg6 Rxg5+ {[%clk 0:00:14]} 69.
hxg5 {[%clk 0:01:00]} Rb5 {[%clk 0:00:23]} 70. Kf6 {[%clk 0:01:02]} Rxa5
{[%clk 0:00:28]} 71. g6 {[%clk 0:01:10]} Ra6 {[%clk 0:00:35]} 72. g7
{[%clk 0:01:15]} Rxb6+ {[%clk 0:00:43]} 73. Kf7 {[%clk 0:01:09]} Rb7+
{[%clk 0:00:40]} 74. Kg6 {[%clk 0:01:12]} Rxg7+ {[%clk 0:00:44]} 75. Kxg7
{[%clk 0:01:21]} Kf3 {[%clk 0:00:53]} 76. g4 {[%clk 0:01:31]} Kxg4 1/2-1/2

[Event "RAPID Gran Prix 2016"]
[Site "Khanty-Mansiysk"]
[Date "2016.12.03"]
[Round "13.7"]
[White "Dreev, Aleksey"]
[Black "Yudin, Sergei"]
[Result "1/2-1/2"]
[LiveChessVersion "1.4.4"]
[BlackElo "2594"]
[WhiteElo "2705"]

1. d4 {[%clk 0:15:19]} d5 {[%clk 0:15:19]} 2. c4 {[%clk 0:15:27]} e6
{[%clk 0:15:27]} 3. Nf3 {[%clk 0:15:26]} c6 {[%clk 0:15:35]} 4. e3
{[%clk 0:15:30]} Bd6 {[%clk 0:15:43]} 5. Be2 {[%clk 0:15:16]} f5 {[%clk 0:15:29]}
6. O-O {[%clk 0:15:15]} Nf6 {[%clk 0:15:36]} 7. b3 {[%clk 0:15:23]} Qe7
{[%clk 0:15:43]} 8. Bb2 {[%clk 0:15:31]} O-O {[%clk 0:15:41]} 9. Qc1
{[%clk 0:15:39]} Ne4 {[%clk 0:15:27]} 10. Ba3 {[%clk 0:15:34]} Nd7
{[%clk 0:15:34]} 11. Bxd6 {[%clk 0:15:18]} Qxd6 {[%clk 0:15:42]} 12. Qa3
{[%clk 0:15:03]} c5 {[%clk 0:15:44]} 13. cxd5 {[%clk 0:14:38]} exd5
{[%clk 0:15:51]} 14. Rd1 {[%clk 0:13:50]} f4 {[%clk 0:14:58]} 15. Qc1
{[%clk 0:12:25]} fxe3 {[%clk 0:11:11]} 16. Qxe3 {[%clk 0:12:07]} cxd4
{[%clk 0:10:57]} 17. Qxd4 {[%clk 0:11:57]} Ndf6 {[%clk 0:10:59]} 18. Nbd2
{[%clk 0:10:26]} Qf4 {[%clk 0:10:44]} 19. Nxe4 {[%clk 0:09:43]} dxe4
{[%clk 0:10:32]} 20. Qe5 {[%clk 0:08:07]} Qxe5 {[%clk 0:07:57]} 21. Nxe5
{[%clk 0:08:15]} Be6 {[%clk 0:08:01]} 22. Rd6 {[%clk 0:08:05]} Rfe8
{[%clk 0:05:18]} 23. Rxe6 {[%clk 0:07:38]} Rxe6 {[%clk 0:05:26]} 24. Bc4
{[%clk 0:07:46]} Rae8 {[%clk 0:05:34]} 25. Rd1 {[%clk 0:07:29]} Kf8
{[%clk 0:05:40]} 26. Bxe6 {[%clk 0:07:37]} Rxe6 {[%clk 0:05:49]} 27. Nc4
{[%clk 0:07:46]} Ke7 {[%clk 0:05:41]} 28. Kf1 {[%clk 0:07:46]} Ng4
{[%clk 0:05:22]} 29. h3 {[%clk 0:07:10]} e3 {[%clk 0:05:17]} 30. fxe3
{[%clk 0:04:52]} 1/2-1/2

[Event "RAPID Gran Prix 2016"]
[Site "Khanty-Mansiysk"]
[Date "2016.12.03"]
[Round "13.8"]
[White "Bocharov, Dmitry"]
[Black "Maltsevskaya, Aleksandra"]
[Result "1-0"]
[LiveChessVersion "1.4.4"]
[BlackElo "2182"]
[WhiteElo "2573"]

1. d4 {[%clk 0:15:14]} Nf6 {[%clk 0:15:16]} 2. c4 {[%clk 0:15:23]} g6
{[%clk 0:15:17]} 3. g3 {[%clk 0:15:26]} Bg7 {[%clk 0:15:24]} 4. Bg2
{[%clk 0:15:33]} d6 {[%clk 0:15:25]} 5. Nf3 {[%clk 0:15:39]} O-O {[%clk 0:15:30]}
6. O-O {[%clk 0:15:46]} Nbd7 {[%clk 0:15:35]} 7. Nc3 {[%clk 0:15:49]} e5
{[%clk 0:15:43]} 8. e4 {[%clk 0:15:52]} exd4 {[%clk 0:15:48]} 9. Nxd4
{[%clk 0:15:59]} Re8 {[%clk 0:15:55]} 10. h3 {[%clk 0:15:56]} Nc5
{[%clk 0:16:01]} 11. Re1 {[%clk 0:16:02]} Bd7 {[%clk 0:16:05]} 12. Bf4
{[%clk 0:15:08]} h6 {[%clk 0:14:52]} 13. Nb3 {[%clk 0:12:40]} Na4
{[%clk 0:14:14]} 14. Nxa4 {[%clk 0:12:14]} Bxa4 {[%clk 0:14:22]} 15. Qc1
{[%clk 0:12:17]} g5 {[%clk 0:11:23]} 16. Bd2 {[%clk 0:12:12]} Bc6
{[%clk 0:10:42]} 17. Qc2 {[%clk 0:11:05]} Nd7 {[%clk 0:08:32]} 18. Bc3
{[%clk 0:08:24]} Ne5 {[%clk 0:06:23]} 19. Nd4 {[%clk 0:07:23]} Bd7
{[%clk 0:05:36]} 20. b3 {[%clk 0:07:29]} Qf6 {[%clk 0:05:08]} 21. Re3
{[%clk 0:07:23]} h5 {[%clk 0:01:58]} 22. Rd1 {[%clk 0:07:04]} g4 {[%clk 0:01:09]}
23. hxg4 {[%clk 0:06:10]} hxg4 {[%clk 0:01:11]} 24. Nf5 {[%clk 0:05:50]} Bxf5
{[%clk 0:01:15]} 25. exf5 {[%clk 0:05:58]} Rab8 {[%clk 0:01:11]} 26. c5
{[%clk 0:05:17]} Qg5 {[%clk 0:00:40]} 27. Rde1 {[%clk 0:04:31]} Bf6
{[%clk 0:00:38]} 28. cxd6 {[%clk 0:03:21]} cxd6 {[%clk 0:00:46]} 29. Qd1
{[%clk 0:03:29]} Rbc8 {[%clk 0:00:24]} 30. Ba1 {[%clk 0:02:08]} Rcd8
{[%clk 0:00:16]} 31. Bxb7 {[%clk 0:01:59]} Kg7 {[%clk 0:00:15]} 32. Bg2
{[%clk 0:01:58]} Rh8 {[%clk 0:00:23]} 33. Re4 {[%clk 0:01:55]} Nf3+
{[%clk 0:00:11]} 34. Bxf3 {[%clk 0:02:00]} gxf3 {[%clk 0:00:19]} 35. Qxf3
{[%clk 0:01:51]} Qh6 {[%clk 0:00:22]} 36. Rh4 {[%clk 0:01:41]} Rde8
{[%clk 0:00:13]} 37. Qg4+ {[%clk 0:01:38]} 1-0

[Event "RAPID Gran Prix 2016"]
[Site "Khanty-Mansiysk"]
[Date "2016.12.03"]
[Round "14.1"]
[White "Anikonov, Dmitry"]
[Black "Maltsevskaya, Aleksandra"]
[Result "1-0"]
[LiveChessVersion "1.4.4"]
[BlackElo "2182"]
[WhiteElo "2451"]

1. d4 {[%clk 0:15:19]} Nf6 {[%clk 0:15:16]} 2. c4 {[%clk 0:15:28]} e6
{[%clk 0:15:20]} 3. Nf3 {[%clk 0:15:32]} d5 {[%clk 0:15:28]} 4. Nc3
{[%clk 0:15:41]} c5 {[%clk 0:15:36]} 5. cxd5 {[%clk 0:15:41]} Nxd5
{[%clk 0:15:44]} 6. e4 {[%clk 0:15:44]} Nxc3 {[%clk 0:15:50]} 7. bxc3
{[%clk 0:15:54]} cxd4 {[%clk 0:15:54]} 8. cxd4 {[%clk 0:16:02]} Bb4+
{[%clk 0:15:28]} 9. Bd2 {[%clk 0:16:11]} Bxd2+ {[%clk 0:15:36]} 10. Qxd2
{[%clk 0:16:20]} O-O {[%clk 0:15:44]} 11. Bd3 {[%clk 0:16:29]} b6
{[%clk 0:15:49]} 12. O-O {[%clk 0:16:36]} Bb7 {[%clk 0:15:58]} 13. Rad1
{[%clk 0:16:45]} Nd7 {[%clk 0:15:14]} 14. Rfe1 {[%clk 0:16:53]} h6
{[%clk 0:14:18]} 15. Bb1 {[%clk 0:15:32]} Nf6 {[%clk 0:12:34]} 16. Qd3
{[%clk 0:15:20]} g6 {[%clk 0:12:27]} 17. Qe3 {[%clk 0:15:27]} Kg7
{[%clk 0:12:26]} 18. d5 {[%clk 0:15:00]} exd5 {[%clk 0:11:45]} 19. e5 Ng8
{[%clk 0:11:10]} 20. Nd4 {[%clk 0:13:44]} Qe7 {[%clk 0:08:44]} 21. f4
{[%clk 0:13:44]} Rae8 {[%clk 0:07:27]} 22. f5 {[%clk 0:10:42]} Qg5
{[%clk 0:04:47]} 23. Qf2 {[%clk 0:10:37]} Bc8 {[%clk 0:03:31]} 24. f6+
{[%clk 0:09:40]} Kh7 {[%clk 0:03:01]} 25. Nf3 {[%clk 0:09:20]} Qh5
{[%clk 0:02:41]} 26. h3 {[%clk 0:09:01]} Kh8 {[%clk 0:01:45]} 27. Rd4
{[%clk 0:08:45]} g5 {[%clk 0:01:21]} 28. Qc2 {[%clk 0:08:13]} Qg6
{[%clk 0:01:08]} 29. Qxg6 {[%clk 0:08:21]} fxg6 {[%clk 0:01:16]} 30. Bxg6
{[%clk 0:08:29]} Rd8 {[%clk 0:01:24]} 31. Rc1 {[%clk 0:08:38]} Be6
{[%clk 0:01:27]} 32. Rc7 {[%clk 0:08:44]} Rc8 {[%clk 0:01:36]} 33. Rh7#
{[%clk 0:08:52]} 1-0

[Event "RAPID Gran Prix 2016"]
[Site "Khanty-Mansiysk"]
[Date "2016.12.03"]
[Round "14.2"]
[White "Yudin, Sergei"]
[Black "Bocharov, Dmitry"]
[Result "1-0"]
[LiveChessVersion "1.4.4"]
[BlackElo "2573"]
[WhiteElo "2594"]

1. e4 {[%clk 0:15:17]} c5 {[%clk 0:15:19]} 2. Nf3 {[%clk 0:15:25]} Nc6
{[%clk 0:15:28]} 3. Bb5 {[%clk 0:15:31]} g6 {[%clk 0:15:35]} 4. O-O
{[%clk 0:15:39]} Bg7 {[%clk 0:15:43]} 5. Nc3 {[%clk 0:15:45]} d6 {[%clk 0:15:49]}
6. e5 {[%clk 0:15:52]} dxe5 {[%clk 0:15:53]} 7. Bxc6+ {[%clk 0:16:00]} bxc6
{[%clk 0:16:01]} 8. Re1 {[%clk 0:16:08]} Qc7 {[%clk 0:16:10]} 9. d3
{[%clk 0:16:15]} c4 {[%clk 0:16:19]} 10. h3 {[%clk 0:16:23]} cxd3
{[%clk 0:16:08]} 11. cxd3 {[%clk 0:16:31]} Nf6 {[%clk 0:15:45]} 12. Nxe5
{[%clk 0:16:26]} O-O {[%clk 0:15:41]} 13. Qa4 {[%clk 0:15:27]} Bb7
{[%clk 0:14:32]} 14. Bf4 {[%clk 0:15:23]} Qc8 {[%clk 0:09:52]} 15. Rac1
{[%clk 0:15:14]} c5 {[%clk 0:09:37]} 16. Ne4 {[%clk 0:14:23]} Nxe4
{[%clk 0:06:32]} 17. dxe4 {[%clk 0:14:30]} Rd8 {[%clk 0:05:35]} 18. Qc4
{[%clk 0:13:51]} Bxe5 {[%clk 0:05:37]} 19. Bxe5 {[%clk 0:13:58]} Rd7
{[%clk 0:05:42]} 20. Qxc5 {[%clk 0:13:46]} Qxc5 {[%clk 0:05:50]} 21. Rxc5
{[%clk 0:13:54]} f6 {[%clk 0:05:52]} 22. Bc3 {[%clk 0:13:19]} Rc8
{[%clk 0:05:58]} 23. Ra5 {[%clk 0:13:14]} a6 {[%clk 0:06:02]} 24. e5
{[%clk 0:13:19]} f5 {[%clk 0:06:03]} 25. Ra4 {[%clk 0:12:03]} e6 {[%clk 0:06:03]}
26. Rb4 {[%clk 0:11:58]} Kf7 {[%clk 0:06:11]} 27. f3 {[%clk 0:11:48]} g5
{[%clk 0:06:16]} 28. Kf2 {[%clk 0:11:34]} Bd5 {[%clk 0:06:04]} 29. Rd1
{[%clk 0:11:21]} Rdc7 {[%clk 0:06:12]} 30. a3 {[%clk 0:10:49]} Rc4
{[%clk 0:06:19]} 31. Rb6 {[%clk 0:10:51]} R4c6 {[%clk 0:06:26]} 32. Rxc6
{[%clk 0:10:29]} Rxc6 {[%clk 0:06:29]} 33. Rd4 {[%clk 0:08:34]} Rc4
{[%clk 0:06:09]} 34. Rxc4 {[%clk 0:08:40]} Bxc4 {[%clk 0:06:17]} 35. g3
{[%clk 0:08:48]} h5 {[%clk 0:05:49]} 36. Bd2 {[%clk 0:07:27]} Kg6
{[%clk 0:04:19]} 37. f4 {[%clk 0:06:22]} gxf4 {[%clk 0:03:56]} 38. Bxf4
{[%clk 0:06:24]} Kf7 {[%clk 0:04:04]} 39. Ke3 {[%clk 0:05:50]} Ke7
{[%clk 0:04:01]} 40. Kd4 {[%clk 0:05:48]} Bf1 {[%clk 0:04:05]} 41. h4
{[%clk 0:05:57]} Kd7 {[%clk 0:04:11]} 42. Bd2 {[%clk 0:04:47]} Kc6
{[%clk 0:03:50]} 43. Ke3 {[%clk 0:04:46]} Kd5 {[%clk 0:03:35]} 44. Kf4
{[%clk 0:04:54]} Be2 {[%clk 0:03:30]} 45. Bc3 {[%clk 0:05:02]} Bd1
{[%clk 0:03:09]} 46. Kg5 {[%clk 0:03:43]} Ke4 {[%clk 0:02:27]} 47. Kf6
{[%clk 0:03:47]} Bb3 {[%clk 0:02:29]} 48. Bd2 {[%clk 0:03:31]} Kf3
{[%clk 0:02:15]} 49. Bf4 {[%clk 0:03:37]} a5 {[%clk 0:02:24]} 50. Kg5
{[%clk 0:03:40]} 1-0

[Event "RAPID Gran Prix 2016"]
[Site "Khanty-Mansiysk"]
[Date "2016.12.03"]
[Round "14.3"]
[White "Smirnov, Pavel"]
[Black "Dreev, Aleksey"]
[Result "1/2-1/2"]
[LiveChessVersion "1.4.4"]
[BlackElo "2705"]
[WhiteElo "2589"]

1. d4 {[%clk 0:15:14]} d5 {[%clk 0:15:18]} 2. c4 {[%clk 0:15:23]} c6
{[%clk 0:15:27]} 3. Nf3 {[%clk 0:15:32]} Nf6 {[%clk 0:15:35]} 4. Nc3
{[%clk 0:15:41]} e6 {[%clk 0:15:43]} 5. e3 {[%clk 0:15:49]} Nbd7 {[%clk 0:15:51]}
6. Qc2 {[%clk 0:15:58]} b6 {[%clk 0:15:58]} 7. Bd3 {[%clk 0:16:07]} Bb7
{[%clk 0:16:06]} 8. O-O {[%clk 0:16:15]} Be7 {[%clk 0:16:14]} 9. Rd1
{[%clk 0:16:24]} O-O {[%clk 0:16:20]} 10. b3 {[%clk 0:16:14]} Bd6
{[%clk 0:16:27]} 11. Bb2 {[%clk 0:15:32]} Qe7 {[%clk 0:15:51]} 12. Rac1
{[%clk 0:14:50]} Rac8 {[%clk 0:15:39]} 13. Qe2 {[%clk 0:14:11]} Ba3
{[%clk 0:15:21]} 14. Bxa3 {[%clk 0:13:47]} Qxa3 {[%clk 0:15:28]} 15. e4
{[%clk 0:13:46]} dxe4 {[%clk 0:15:00]} 16. Nxe4 {[%clk 0:13:46]} Nxe4
{[%clk 0:12:01]} 17. Bxe4 {[%clk 0:13:10]} Nf6 {[%clk 0:10:45]} 18. Bb1
{[%clk 0:13:02]} c5 {[%clk 0:09:55]} 19. dxc5 {[%clk 0:11:03]} Qxc5
{[%clk 0:09:08]} 20. Ne5 {[%clk 0:11:02]} Rfd8 {[%clk 0:09:00]} 21. h3
{[%clk 0:11:00]} h6 {[%clk 0:06:55]} 22. Qb2 {[%clk 0:09:37]} Qc7
{[%clk 0:06:18]} 23. Qe2 {[%clk 0:09:17]} Qc5 {[%clk 0:06:06]} 24. Qb2
{[%clk 0:09:25]} Qc7 {[%clk 0:06:13]} 1/2-1/2

[Event "RAPID Gran Prix 2016"]
[Site "Khanty-Mansiysk"]
[Date "2016.12.03"]
[Round "14.4"]
[White "Rublevsky, Sergei"]
[Black "Riazantsev, Alexander"]
[Result "1/2-1/2"]
[LiveChessVersion "1.4.4"]
[BlackElo "2693"]
[WhiteElo "2718"]

1. e4 {[%clk 0:15:10]} c6 {[%clk 0:15:18]} 2. d4 {[%clk 0:15:27]} d5
{[%clk 0:15:26]} 3. Nd2 {[%clk 0:15:32]} dxe4 {[%clk 0:15:35]} 4. Nxe4
{[%clk 0:15:41]} Bf5 {[%clk 0:15:43]} 5. Nc5 {[%clk 0:15:49]} b6 {[%clk 0:15:50]}
6. Nb3 {[%clk 0:15:57]} e6 {[%clk 0:15:57]} 7. Nf3 {[%clk 0:16:01]} Nf6
{[%clk 0:16:06]} 8. g3 {[%clk 0:16:08]} Bd6 {[%clk 0:15:58]} 9. Bg2
{[%clk 0:16:16]} O-O {[%clk 0:16:05]} 10. O-O {[%clk 0:16:24]} Nbd7
{[%clk 0:16:10]} 11. Qe2 {[%clk 0:16:32]} Rc8 {[%clk 0:16:08]} 12. c4
{[%clk 0:16:26]} 1/2-1/2

[Event "RAPID Gran Prix 2016"]
[Site "Khanty-Mansiysk"]
[Date "2016.12.03"]
[Round "14.5"]
[White "Jakovenko, Dmitry"]
[Black "Sukhareva, Evgeniya"]
[Result "1-0"]
[LiveChessVersion "1.4.4"]
[BlackElo "2306"]
[WhiteElo "2699"]

1. e4 {[%clk 0:15:19]} c5 {[%clk 0:15:20]} 2. Nf3 e6 3. c4 {[%clk 0:15:37]} d6
{[%clk 0:15:32]} 4. d4 {[%clk 0:15:42]} cxd4 {[%clk 0:15:41]} 5. Nxd4
{[%clk 0:15:50]} Nf6 {[%clk 0:15:50]} 6. Nc3 a6 7. Be2 {[%clk 0:15:47]} Qc7
{[%clk 0:16:08]} 8. O-O {[%clk 0:15:53]} Be7 {[%clk 0:16:16]} 9. Be3
{[%clk 0:15:58]} b6 {[%clk 0:16:25]} 10. f3 {[%clk 0:15:58]} Bb7 {[%clk 0:16:34]}
11. Qd2 {[%clk 0:15:59]} Nbd7 {[%clk 0:16:42]} 12. Rfc1 {[%clk 0:16:04]} Rc8
{[%clk 0:16:49]} 13. a4 {[%clk 0:15:49]} O-O {[%clk 0:16:51]} 14. a5
{[%clk 0:15:54]} bxa5 {[%clk 0:12:27]} 15. Nb3 {[%clk 0:16:02]} a4
{[%clk 0:11:39]} 16. Nxa4 {[%clk 0:15:38]} Nc5 {[%clk 0:11:30]} 17. Na5
{[%clk 0:14:26]} Bc6 {[%clk 0:08:31]} 18. Nc3 {[%clk 0:12:07]} Rb8
{[%clk 0:05:58]} 19. Rcb1 {[%clk 0:12:16]} Rfc8 {[%clk 0:03:44]} 20. b4
{[%clk 0:12:20]} Ncd7 {[%clk 0:03:50]} 21. Kh1 {[%clk 0:09:22]} Ne5
{[%clk 0:03:38]} 22. Bd4 {[%clk 0:08:13]} h6 {[%clk 0:03:31]} 23. b5
{[%clk 0:08:11]} axb5 {[%clk 0:03:31]} 24. cxb5 {[%clk 0:08:20]} Bb7
{[%clk 0:01:56]} 25. b6 {[%clk 0:08:27]} Qd7 {[%clk 0:01:56]} 26. Nxb7
{[%clk 0:07:11]} Rxb7 {[%clk 0:02:04]} 27. Ba6 {[%clk 0:07:20]} Nc4
{[%clk 0:02:03]} 28. Qd3 {[%clk 0:07:24]} e5 {[%clk 0:00:47]} 29. Bg1
{[%clk 0:07:30]} d5 {[%clk 0:00:49]} 30. Bxb7 {[%clk 0:07:21]} Qxb7
{[%clk 0:00:41]} 31. Nxd5 {[%clk 0:07:29]} Nxd5 {[%clk 0:00:33]} 32. Qxd5
{[%clk 0:07:37]} 1-0

[Event "RAPID Gran Prix 2016"]
[Site "Khanty-Mansiysk"]
[Date "2016.12.03"]
[Round "14.7"]
[White "Lysyj, Igor"]
[Black "Demidov, Mikhail"]
[Result "1-0"]
[LiveChessVersion "1.4.4"]
[BlackElo "2514"]
[WhiteElo "2625"]

1. d4 {[%clk 0:15:19]} d5 {[%clk 0:15:19]} 2. c4 {[%clk 0:15:27]} dxc4
{[%clk 0:15:27]} 3. e3 {[%clk 0:15:36]} e5 {[%clk 0:15:36]} 4. Bxc4
{[%clk 0:15:40]} exd4 {[%clk 0:15:43]} 5. exd4 {[%clk 0:15:48]} Bd6
{[%clk 0:15:33]} 6. Nf3 {[%clk 0:15:55]} Nf6 {[%clk 0:15:42]} 7. Qe2+
{[%clk 0:16:03]} Be7 {[%clk 0:15:50]} 8. O-O {[%clk 0:16:07]} O-O
{[%clk 0:15:57]} 9. Nc3 {[%clk 0:16:15]} Nc6 {[%clk 0:16:04]} 10. h3
{[%clk 0:16:23]} Na5 {[%clk 0:15:40]} 11. Bd3 {[%clk 0:16:30]} Nc6
{[%clk 0:15:47]} 12. a3 {[%clk 0:16:19]} Re8 {[%clk 0:15:49]} 13. Be3
{[%clk 0:16:05]} Bd6 {[%clk 0:15:27]} 14. Qc2 {[%clk 0:15:46]} h6
{[%clk 0:15:29]} 15. Rad1 {[%clk 0:15:36]} a6 {[%clk 0:15:12]} 16. Bc4
{[%clk 0:15:00]} Ne7 {[%clk 0:12:58]} 17. Rfe1 {[%clk 0:12:39]} b5
{[%clk 0:12:30]} 18. Ba2 {[%clk 0:12:16]} Bb7 {[%clk 0:10:48]} 19. Ne5
{[%clk 0:11:32]} Ned5 {[%clk 0:10:35]} 20. Bc1 {[%clk 0:11:31]} Bf8
{[%clk 0:09:42]} 21. Rd3 {[%clk 0:09:06]} Re7 {[%clk 0:07:19]} 22. Rg3
{[%clk 0:08:37]} g6 {[%clk 0:07:20]} 23. Rd1 {[%clk 0:07:40]} Qe8
{[%clk 0:04:43]} 24. Rf3 {[%clk 0:05:09]} Bg7 {[%clk 0:03:07]} 25. Nxg6
{[%clk 0:04:04]} Re1+ {[%clk 0:02:44]} 26. Rxe1 {[%clk 0:04:05]} Qxe1+
{[%clk 0:02:53]} 27. Kh2 {[%clk 0:04:14]} Re8 {[%clk 0:00:54]} 28. Ne5
{[%clk 0:03:29]} c5 {[%clk 0:01:03]} 29. Nxd5 {[%clk 0:02:31]} Nxd5
{[%clk 0:00:53]} 30. Nxf7 {[%clk 0:02:12]} Re2 {[%clk 0:00:27]} 31. Nxh6+
{[%clk 0:01:38]} Kh8 {[%clk 0:00:37]} 32. Nf7+ {[%clk 0:01:42]} Kg8
{[%clk 0:00:46]} 33. Nh6+ {[%clk 0:01:51]} Kh8 {[%clk 0:00:56]} 34. Qg6
{[%clk 0:01:27]} Rxf2 {[%clk 0:01:02]} 35. Nf7+ {[%clk 0:01:19]} Kg8
{[%clk 0:01:11]} 36. Nh6+ {[%clk 0:01:27]} Kh8 {[%clk 0:01:21]} 37. Nf7+
{[%clk 0:01:14]} Kg8 {[%clk 0:01:30]} 38. Bh6 {[%clk 0:01:23]} 1-0

[Event "RAPID Gran Prix 2016"]
[Site "Khanty-Mansiysk"]
[Date "2016.12.03"]
[Round "14.8"]
[White "Volkov, Sergey"]
[Black "Alekseev, Evgeny"]
[Result "0-1"]
[LiveChessVersion "1.4.4"]
[BlackElo "2652"]
[WhiteElo "2626"]

1. d4 {[%clk 0:15:18]} e6 {[%clk 0:15:16]} 2. e4 {[%clk 0:15:19]} d5
{[%clk 0:15:20]} 3. e5 {[%clk 0:15:25]} c5 {[%clk 0:15:15]} 4. c3
{[%clk 0:15:32]} Nc6 {[%clk 0:15:16]} 5. Nf3 {[%clk 0:15:38]} Bd7
{[%clk 0:15:08]} 6. Be2 {[%clk 0:15:39]} f6 {[%clk 0:14:56]} 7. O-O
{[%clk 0:15:23]} fxe5 {[%clk 0:14:35]} 8. dxe5 {[%clk 0:15:05]} Qc7
{[%clk 0:14:18]} 9. Re1 {[%clk 0:15:07]} O-O-O {[%clk 0:13:43]} 10. b4
{[%clk 0:15:03]} Nxe5 {[%clk 0:12:18]} 11. Nxe5 {[%clk 0:13:11]} Qxe5
{[%clk 0:12:26]} 12. Bf3 {[%clk 0:12:18]} Qc7 {[%clk 0:11:32]} 13. Be3
{[%clk 0:12:21]} Nf6 {[%clk 0:11:05]} 14. Nd2 {[%clk 0:12:01]} c4
{[%clk 0:09:14]} 15. a4 {[%clk 0:11:59]} Bd6 {[%clk 0:08:56]} 16. a5
{[%clk 0:11:24]} Kb8 {[%clk 0:08:07]} 17. Nf1 {[%clk 0:11:13]} Be5
{[%clk 0:06:45]} 18. Qd2 {[%clk 0:10:32]} Bc6 {[%clk 0:05:43]} 19. Bxa7+
{[%clk 0:08:57]} Kxa7 {[%clk 0:05:52]} 20. Qe3+ {[%clk 0:09:05]} d4
{[%clk 0:05:56]} 21. Qxe5 {[%clk 0:09:14]} Qxe5 {[%clk 0:05:53]} 22. Rxe5
{[%clk 0:09:22]} Bxf3 {[%clk 0:05:54]} 23. gxf3 {[%clk 0:09:29]} dxc3
{[%clk 0:05:57]} 24. Ne3 {[%clk 0:08:38]} Nd5 {[%clk 0:04:48]} 25. Rc1
{[%clk 0:06:21]} Nf4 {[%clk 0:04:07]} 26. Rc2 {[%clk 0:06:28]} Rd2
{[%clk 0:03:38]} 27. Re4 {[%clk 0:06:25]} Nd5 {[%clk 0:03:17]} 28. Rc1
{[%clk 0:06:06]} Nxe3 {[%clk 0:02:46]} 29. Rxe3 {[%clk 0:06:03]} c2
{[%clk 0:02:53]} 30. Kg2 {[%clk 0:06:00]} Ka6 {[%clk 0:02:53]} 31. Re5
{[%clk 0:04:34]} Rc8 {[%clk 0:02:59]} 32. f4 {[%clk 0:04:09]} c3 {[%clk 0:02:49]}
33. Kf3 {[%clk 0:03:54]} Rc4 {[%clk 0:02:33]} 34. Rxe6+ {[%clk 0:04:01]} Kb5
{[%clk 0:02:36]} 35. Rb6+ {[%clk 0:03:54]} Ka4 {[%clk 0:02:45]} 36. Rxb7
{[%clk 0:04:00]} Kb3 {[%clk 0:02:14]} 37. a6 {[%clk 0:04:08]} Rd1
{[%clk 0:02:12]} 38. a7 {[%clk 0:03:59]} Rxc1 {[%clk 0:02:18]} 39. a8=Q
{[%clk 0:04:05]} Rb1 {[%clk 0:01:32]} 40. Rd7 {[%clk 0:01:33]} c1=Q
{[%clk 0:01:36]} 0-1